000 00756nam a22002177a 4500
003 OSt
005 20240909171715.0
008 240909b |||||||| |||| 00| 0 sp d
040 _acunsuroc
_besp.
_cana
_dana
082 _22a Ed.
_a190 R288:2 T. 3
_b1
100 _aReale, Giovanni
_99910
245 _aHistoria del pensamiento filosófico y científico
_bIII del romanticismo hasta hoy
_hfísico
250 _a2a. ed.
260 _aBarcelona, España:
_bHerder,
_c1992
300 _a1015p. : il. ,
_b25cm.
365 _b1
_d161.20
_jes
650 _2Filosofía del romanticismo hasta la actualidad
650 _2Historia-Filosófica
700 _aAstiseri, Dario coaut.
_99911
942 _2ddc
_cBK
_e2a. Ed.
_h190 R288:2 T. 3
_n0
999 _c3701
_d3701